000 00792nam a22002417a 4500
999 _c64843
_d64843
005 20240530110754.0
008 181224s2018 ua g 00| j ara d
017 _a2017/26328
_bمصر. دار الكتب
020 _a9789770934463
040 _aEG-CaGPL
_cEG-CaGPL
082 0 4 _221
_a813.01 /
_bح ا
100 0 _aحجاج ادول
245 1 0 _aانتقام الأبله وحكاية سمكة الصياد /
_cحجاج ادول
250 _aط.1
260 _aالقاهرة :
_bدار الشروق ،
_c2018.
300 _a145 ص. ؛
_c19 سم.
650 0 7 _2qrmak
_aالادب العربى
650 0 7 _2qrmak
_aالقصص العربية
650 0 7 _2qrmak
_aالقصص القصيرة
651 _2qrmak
942 _2ddc
_cBK